[Event "Titled Tuesday intern op 08th Aug Late"]
[Site "Chess.com INT"]
[Date "2023.08.08"]
[Round "6"]
[White "Lamaze, Simon"]
[Black "Nguyen, Ngoc Truong Son"]
[Result "0-1"]
[WhiteElo "2410"]
[BlackElo "2641"]
[PlyCount "96"]
[EventDate "2023.08.08"]
[EventType "swiss (blitz)"]
[EventRounds "11"]
[EventCountry "USA"]
[SourceTitle "EXT 2024"]
[Source "ChessBase"]
[SourceDate "2023.10.10"]
[SourceVersion "1"]
[SourceVersionDate "2023.10.10"]
[SourceQuality "1"]

1. c4 g6 2. Nf3 Bg7 3. d4 c5 4. dxc5 Qa5+ 5. Bd2 Qxc5 6. Bc3 Nf6 7. e4 0-0 8. Nbd2 Ng4 9. Qe2 Bxc3 10. bxc3 d6 11. h3 Ne5 12. Nxe5 Qxe5 13. Qe3 Na6 14. Be2 f5 15. f4 Qc5 16. Qxc5 Nxc5 17. exf5 Bxf5 18. g3 e5 19. 0-0 Bxh3 20. Rf2 exf4 21. gxf4 Rae8 22. Bf3 Nd3 23. Bd5+ Kg7 24. Rh2 Nxf4 25. Bxb7 Re3 26. Ne4 Ne2+ 27. Kh1 Ng3+ 28. Nxg3 Rxg3 29. Rc1 h5 30. Rd2 Rf4 31. Kh2 Re3 32. Rxd6 Bf5 33. Rd4 Rf2+ 34. Kg1 Rxa2 35. c5 Rg3+ 36. Kh1 Rb2 37. c6 Rh3+ 38. Kg1 Rg3+ 39. Kh1 Bh3 40. Rg1 Rxc3 41. Ba8 Bf5 42. Re1 Bg4 43. Rf4 Rh3+ 44. Kg1 Rg3+ 45. Kh1 Bf3+ 46. Rxf3 Rxf3 47. c7 Rc3 48. Re7+ Kh6 0-1

[Event "Titled Tuesday intern op 01st Aug Late"]
[Site "Chess.com INT"]
[Date "2023.08.01"]
[Round "5"]
[White "Lamaze, Simon"]
[Black "Baziuk, Vladyslav"]
[Result "1-0"]
[WhiteElo "2410"]
[BlackElo "2211"]
[PlyCount "85"]
[EventDate "2023.08.01"]
[EventType "swiss (blitz)"]
[EventRounds "11"]
[EventCountry "USA"]
[SourceTitle "EXT 2024"]
[Source "ChessBase"]
[SourceDate "2023.10.10"]
[SourceVersion "1"]
[SourceVersionDate "2023.10.10"]
[SourceQuality "1"]

1. c4 c5 2. Nf3 Nc6 3. Nc3 g6 4. e3 Nf6 5. d4 cxd4 6. exd4 d5 7. cxd5 Nxd5 8. Qb3 Nxc3 9. Bc4 Nd5 10. Bxd5 e6 11. Bxc6+ bxc6 12. 0-0 Qd5 13. Qc2 f6 14. Re1 Kf7 15. Be3 Be7 16. Rac1 Bd7 17. Nd2 h5 18. Ne4 h4 19. Nc3 Qh5 20. h3 g5 21. f3 f5 22. Rf1 Rag8 23. Rce1 Ke8 24. d5 cxd5 25. Bd4 Rh7 26. Qb3 g4 27. fxg4 fxg4 28. Qb8+ Bd8 29. Bf6 Re7 30. Bxe7 Kxe7 31. Qb4+ Ke8 32. hxg4 Qh6 33. Nxd5 h3 34. Qf4 Qg6 35. gxh3 Rh8 36. Nf6+ Ke7 37. Qb4+ Kf7 38. Nxd7+ Kg7 39. Qd4+ Kh7 40. Nf6+ Kh6 41. g5+ Qxg5+ 42. Ng4+ Kg6 43. Qxh8 1-0

[Event "Titled Tuesday intern op 01st Aug Early"]
[Site "Chess.com INT"]
[Date "2023.08.01"]
[Round "5"]
[White "Lamaze, Simon"]
[Black "Ozates, Tuna"]
[Result "1-0"]
[WhiteElo "2410"]
[BlackElo "2281"]
[PlyCount "107"]
[EventDate "2023.08.01"]
[EventType "swiss (blitz)"]
[EventRounds "11"]
[EventCountry "USA"]
[SourceTitle "EXT 2024"]
[Source "ChessBase"]
[SourceDate "2023.10.10"]
[SourceVersion "1"]
[SourceVersionDate "2023.10.10"]
[SourceQuality "1"]

1. c4 e6 2. d4 d5 3. Nf3 Nf6 4. g3 Bb4+ 5. Nbd2 0-0 6. Bg2 b6 7. Ne5 Nbd7 8. Nc6 Bxd2+ 9. Bxd2 Qe8 10. Bb4 Bb7 11. Bxf8 Qxf8 12. cxd5 exd5 13. Ne5 Nxe5 14. dxe5 Ne4 15. 0-0 Qe7 16. Bxe4 dxe4 17. Qd4 c5 18. Qc3 Re8 19. Rad1 h5 20. Rd6 Qxe5 21. Qxe5 Rxe5 22. Rd7 Bd5 23. Rxa7 e3 24. f4 Re4 25. Rd1 Bc4 26. Kf1 h4 27. b3 Be6 28. Ra4 c4 29. bxc4 Bxc4 30. Ra8+ Kh7 31. Rad8 b5 32. R8d4 Re7 33. a4 Bb3 34. axb5 Bxd1 35. Rxd1 h3 36. Rb1 Kg6 37. b6 Rb7 38. Rb5 Kf6 39. Ke1 Ke6 40. Kd1 Kd6 41. Kc2 Kc6 42. Rb3 f6 43. Kd3 Rd7+ 44. Kxe3 Kb7 45. Kf3 Rd1 46. Kg4 Re1 47. e3 g6 48. Kxh3 Re2 49. g4 Rf2 50. Kg3 Rf1 51. h4 Rg1+ 52. Kf3 Rf1+ 53. Ke4 Rg1 54. g5 1-0

[Event "Titled Tuesday intern op 01st Aug Late"]
[Site "Chess.com INT"]
[Date "2023.08.01"]
[Round "3"]
[White "Mordechai, Hanan"]
[Black "Lamaze, Simon"]
[Result "0-1"]
[WhiteElo "2380"]
[BlackElo "2410"]
[PlyCount "90"]
[EventDate "2023.08.01"]
[EventType "swiss (blitz)"]
[EventRounds "11"]
[EventCountry "USA"]
[SourceTitle "EXT 2024"]
[Source "ChessBase"]
[SourceDate "2023.10.10"]
[SourceVersion "1"]
[SourceVersionDate "2023.10.10"]
[SourceQuality "1"]

1. c4 e6 2. g3 d5 3. Bg2 Nf6 4. Nf3 a6 5. Qc2 dxc4 6. Qxc4 b5 7. Qc2 Bb7 8. 0-0 Nbd7 9. a4 Bd6 10. b3 0-0 11. Bb2 c5 12. Nc3 b4 13. Nd1 Rc8 14. Ne3 e5 15. Nc4 Qe7 16. d3 Bb8 17. Rfc1 Rfd8 18. Nfxe5 Bxg2 19. Nxd7 Bh3 20. Nxf6+ gxf6 21. Qd2 Rc6 22. Qh6 Bf5 23. Re1 Bg6 24. Rac1 Be5 25. Nxe5 fxe5 26. Qe3 f6 27. f4 e4 28. d4 cxd4 29. Bxd4 Rdc8 30. Rxc6 Rxc6 31. Rc1 Qc7 32. Bc5 Qd7 33. Kf2 Qf5 34. Bxb4 Rxc1 35. Qxc1 Bf7 36. Qe3 Bd5 37. Bc5 Qh3 38. Kg1 Qe6 39. b4 Bc4 40. a5 Qd5 41. Qd4 Qe6 42. Kf2 Kf7 43. Qd6 Qf5 44. Qf8+ Kg6 45. Qg8+ Bxg8 0-1

[Event "Titled Tuesday intern op 01st Aug Late"]
[Site "Chess.com INT"]
[Date "2023.08.01"]
[Round "6"]
[White "Pinheiro, Iung Alicio"]
[Black "Lamaze, Simon"]
[Result "1-0"]
[WhiteElo "2306"]
[BlackElo "2410"]
[PlyCount "73"]
[EventDate "2023.08.01"]
[EventType "swiss (blitz)"]
[EventRounds "11"]
[EventCountry "USA"]
[SourceTitle "EXT 2024"]
[Source "ChessBase"]
[SourceDate "2023.10.10"]
[SourceVersion "1"]
[SourceVersionDate "2023.10.10"]
[SourceQuality "1"]

1. e4 c6 2. Nc3 d5 3. Nf3 Bg4 4. h3 Bxf3 5. Qxf3 e6 6. a3 Nd7 7. d3 Bd6 8. g3 Ne7 9. Bg2 h5 10. h4 Qb6 11. Qe2 d4 12. Nb1 c5 13. Nd2 Bc7 14. 0-0 0-0-0 15. Nc4 Qa6 16. b4 b5 17. Nd2 g5 18. Nf3 gxh4 19. Nxh4 c4 20. a4 Rdg8 21. dxc4 bxc4 22. b5 Qd6 23. Ba3 d3 24. cxd3 Qd4 25. Nf3 Qf6 26. e5 Nxe5 27. Nxe5 Qxe5 28. Qxe5 Bxe5 29. Bxe7 h4 30. Bxh4 c3 31. Rfe1 Bd4 32. Re4 e5 33. Bf6 Rh5 34. Rxd4 exd4 35. Bxd4 Rd8 36. Bxc3 Rxd3 37. Bb4 1-0

[Event "Titled Tuesday intern op 25th Jul Early"]
[Site "Chess.com INT"]
[Date "2023.07.25"]
[Round "3"]
[White "Lamaze, Simon"]
[Black "Balla, Tamas Kristof"]
[Result "1-0"]
[WhiteElo "2388"]
[BlackElo "2303"]
[PlyCount "61"]
[EventDate "2023.07.25"]
[EventType "swiss (blitz)"]
[EventRounds "11"]
[EventCountry "USA"]
[SourceTitle "EXT 2024"]
[Source "ChessBase"]
[SourceDate "2023.10.10"]
[SourceVersion "1"]
[SourceVersionDate "2023.10.10"]
[SourceQuality "1"]

1. e4 c5 2. Nf3 Nc6 3. d4 cxd4 4. Nxd4 e5 5. Nb5 d6 6. N1c3 a6 7. Na3 b5 8. Nd5 Nge7 9. c4 Nxd5 10. exd5 Nd4 11. Bd3 Be7 12. cxb5 0-0 13. Be3 Nf5 14. Bd2 axb5 15. Nxb5 Qb6 16. 0-0 e4 17. Be2 e3 18. Be1 Bf6 19. a4 Bd7 20. a5 Qb7 21. Qd3 Rfe8 22. g4 exf2+ 23. Bxf2 Rxe2 24. Qxe2 Bxb5 25. a6 Bxa6 26. Rxa6 Qxa6 27. Qxa6 Rxa6 28. gxf5 h6 29. b4 Ra4 30. Rb1 Ra7 31. Bxa7 1-0

[Event "Titled Tuesday intern op 25th Jul Early"]
[Site "Chess.com INT"]
[Date "2023.07.25"]
[Round "5"]
[White "Lamaze, Simon"]
[Black "Garagulya, Konstantin"]
[Result "0-1"]
[WhiteElo "2388"]
[BlackElo "2389"]
[PlyCount "70"]
[EventDate "2023.07.25"]
[EventType "swiss (blitz)"]
[EventRounds "11"]
[EventCountry "USA"]
[SourceTitle "EXT 2024"]
[Source "ChessBase"]
[SourceDate "2023.10.10"]
[SourceVersion "1"]
[SourceVersionDate "2023.10.10"]
[SourceQuality "1"]

1. e4 c5 2. Nf3 a6 3. d4 cxd4 4. c3 d5 5. exd5 Qxd5 6. cxd4 Nf6 7. Nc3 Qd6 8. Bc4 e6 9. 0-0 b5 10. Bb3 Bb7 11. Ne5 Nc6 12. Nxc6 Qxc6 13. d5 Nxd5 14. Nxd5 exd5 15. Re1+ Be7 16. Bg5 f6 17. Bd2 Kf7 18. Rc1 Qd7 19. Qh5+ g6 20. Qf3 Rac8 21. Rcd1 Rhd8 22. h4 Qf5 23. Qe3 Bc5 24. Qg3 Bd6 25. Qf3 Qxf3 26. gxf3 Be5 27. Ba5 Rd7 28. Rd2 Kg7 29. Red1 d4 30. f4 Bxf4 31. Rxd4 Rxd4 32. Rxd4 Rc1+ 33. Bd1 g5 34. Rd7+ Kh6 35. h5 Bf3 0-1

[Event "Titled Tuesday intern op 25th Jul Late"]
[Site "Chess.com INT"]
[Date "2023.07.25"]
[Round "5"]
[White "Lamaze, Simon"]
[Black "Jaque Gutierrez, Matias"]
[Result "0-1"]
[WhiteElo "2388"]
[BlackElo "2205"]
[PlyCount "88"]
[EventDate "2023.07.25"]
[EventType "swiss (blitz)"]
[EventRounds "11"]
[EventCountry "USA"]
[SourceTitle "EXT 2024"]
[Source "ChessBase"]
[SourceDate "2023.10.10"]
[SourceVersion "1"]
[SourceVersionDate "2023.10.10"]
[SourceQuality "1"]

1. e4 c5 2. Nf3 e6 3. d4 cxd4 4. Nxd4 a6 5. h3 Nf6 6. Bd3 Qc7 7. 0-0 Nc6 8. Nxc6 dxc6 9. Nc3 e5 10. f4 Bc5+ 11. Kh1 h5 12. fxe5 Ng4 13. Bf4 Nf2+ 14. Rxf2 Bxf2 15. Qf3 Bd4 16. Qg3 Be6 17. Ne2 Bxb2 18. Rb1 Ba3 19. Bg5 h4 20. Qf4 Be7 21. Bxe7 Qxe7 22. Qf2 0-0 23. Qf4 Bxa2 24. Rf1 Rae8 25. Ra1 Be6 26. Nd4 Bc8 27. Nf3 f6 28. Nxh4 fxe5 29. Qg3 Qd6 30. Kh2 Qh6 31. Kh1 Qf4 32. Bc4+ Be6 33. Bxe6+ Rxe6 34. Qb3 Qf7 35. Nf5 Rf6 36. Qg3 Rg6 37. Qxe5 Qf6 38. Ne7+ Kf7 39. Qxf6+ Rxf6 40. Nf5 g6 41. Nh6+ Kg7 42. Ng4 Rf1+ 43. Rxf1 Rxf1+ 44. Kh2 a5 0-1

[Event "Titled Tuesday intern op 25th Jul Late"]
[Site "Chess.com INT"]
[Date "2023.07.25"]
[Round "3"]
[White "Lamaze, Simon"]
[Black "Naroditsky, Daniel"]
[Result "0-1"]
[WhiteElo "2388"]
[BlackElo "2619"]
[PlyCount "74"]
[EventDate "2023.07.25"]
[EventType "swiss (blitz)"]
[EventRounds "11"]
[EventCountry "USA"]
[SourceTitle "EXT 2024"]
[Source "ChessBase"]
[SourceDate "2023.10.10"]
[SourceVersion "1"]
[SourceVersionDate "2023.10.10"]
[SourceQuality "1"]

1. e4 Nf6 2. e5 Nd5 3. Nc3 Nxc3 4. dxc3 d6 5. Nf3 Nc6 6. Bf4 g6 7. Bc4 Bg7 8. Qe2 0-0 9. 0-0-0 Bg4 10. e6 fxe6 11. Bxe6+ Bxe6 12. Qxe6+ Kh8 13. Bg5 Qc8 14. Rhe1 Qxe6 15. Rxe6 Rf7 16. Rde1 Bf8 17. Bh4 Kg8 18. c4 Nd8 19. R6e4 e5 20. c5 Ne6 21. cxd6 cxd6 22. Rd1 Rc8 23. Bg3 b5 24. c3 a5 25. Kb1 Rb7 26. Ne1 b4 27. cxb4 axb4 28. b3 Rb5 29. Nc2 Rcb8 30. Ne3 Ra8 31. Rd5 Nc5 32. Rc4 Kf7 33. Rc2 Ke6 34. Rdd2 Ne4 35. Rd3 Nc3+ 36. Rdxc3 bxc3 37. Rxc3 d5 0-1

[Event "Titled Tuesday intern op 25th Jul Late"]
[Site "Chess.com INT"]
[Date "2023.07.25"]
[Round "1"]
[White "Lamaze, Simon"]
[Black "Vifleemskaia, Svetlana"]
[Result "1-0"]
[WhiteElo "2388"]
[BlackElo "1971"]
[PlyCount "99"]
[EventDate "2023.07.25"]
[EventType "swiss (blitz)"]
[EventRounds "11"]
[EventCountry "USA"]
[SourceTitle "EXT 2024"]
[Source "ChessBase"]
[SourceDate "2023.10.10"]
[SourceVersion "1"]
[SourceVersionDate "2023.10.10"]
[SourceQuality "1"]

1. e4 e5 2. Nf3 Nc6 3. Bb5 a6 4. Bxc6 dxc6 5. d4 exd4 6. Qxd4 Qxd4 7. Nxd4 Bd7 8. Be3 0-0-0 9. f3 f6 10. Nc3 Ne7 11. Kf2 h5 12. Rad1 Ng6 13. g3 Ne5 14. h3 Nc4 15. Bc1 Bc5 16. b3 Na3 17. Na4 Bf8 18. c4 c5 19. Bxa3 cxd4 20. Bxf8 Rhxf8 21. Nc5 b6 22. Nxd7 Rxd7 23. c5 bxc5 24. Ke2 Kb7 25. Kd3 Kb6 26. Rc1 Rd6 27. Rc4 h4 28. g4 g6 29. f4 f5 30. e5 Rd5 31. Rg1 fxg4 32. Rxg4 Kb5 33. Rc1 c6 34. Rcg1 a5 35. Rxh4 a4 36. Rxg6 axb3 37. axb3 Ra8 38. Rg2 Ra3 39. Ke4 Rxb3 40. Re2 Rg3 41. f5 c4 42. f6 d3 43. Rb2+ Kc5 44. f7 Rd8 45. Rf4 c3 46. Rb3 d2 47. Rf1 d1Q 48. Rxd1 Rxd1 49. f8Q+ Kc4 50. Qb4# 1-0

[Event "Titled Tuesday intern op 25th Jul Late"]
[Site "Chess.com INT"]
[Date "2023.07.25"]
[Round "4"]
[White "Povshednyi, Ivan"]
[Black "Lamaze, Simon"]
[Result "0-1"]
[WhiteElo "2220"]
[BlackElo "2388"]
[PlyCount "138"]
[EventDate "2023.07.25"]
[EventType "swiss (blitz)"]
[EventRounds "11"]
[EventCountry "USA"]
[SourceTitle "EXT 2024"]
[Source "ChessBase"]
[SourceDate "2023.10.10"]
[SourceVersion "1"]
[SourceVersionDate "2023.10.10"]
[SourceQuality "1"]

1. Nf3 Nf6 2. g3 e6 3. Bg2 d5 4. 0-0 c5 5. c4 Nc6 6. d4 dxc4 7. Qa4 a6 8. dxc5 Bxc5 9. Qxc4 Qe7 10. Bg5 Bb6 11. Nc3 0-0 12. Ne4 e5 13. Nxf6+ gxf6 14. Bh6 Rd8 15. Qh4 Bf5 16. Rfd1 Bg6 17. Be3 Bxe3 18. fxe3 Qc5 19. Kf2 Kg7 20. Rac1 Qb6 21. b3 Rxd1 22. Rxd1 Rd8 23. Rxd8 Nxd8 24. Qc4 Qa5 25. a4 b5 26. axb5 axb5 27. Qd5 Ne6 28. Nh4 Qb6 29. Be4 Qc5 30. Qd3 Qe7 31. Nf5+ Bxf5 32. Bxf5 b4 33. Qc4 Nf8 34. Qh4 Ng6 35. Qc4 h5 36. h3 Qb7 37. g4 h4 38. Qe4 Qc7 39. Qd3 e4 40. Qxe4 Qg3+ 41. Kf1 Qxh3+ 42. Kf2 Qg3+ 43. Kf1 Ne5 44. Qg2 Qxe3 45. Qf2 Qc1+ 46. Kg2 Qg5 47. e3 Nxg4 48. Bxg4 Qxg4+ 49. Kh1 f5 50. Qb2+ Kg6 51. Qe5 Qe4+ 52. Qxe4 fxe4 53. Kh2 Kg5 54. Kh3 f5 55. Kg2 f4 56. Kf2 fxe3+ 57. Kxe3 h3 58. Kf2 e3+ 59. Kg1 h2+ 60. Kxh2 e2 61. Kg2 e1Q 62. Kf3 Qc3+ 63. Kg2 Qxb3 64. Kh1 Qc3 65. Kh2 b3 66. Kg1 b2 67. Kh1 b1Q+ 68. Kh2 Qbb2+ 69. Kg1 Qcc1# 0-1